[Event "Crema op 10th"]
[Site "Crema"]
[Date "2008.09.05"]
[Round "1"]
[White "Bastianello, Tito"]
[Black "Saba, Marco"]
[Result "0-1"]
[WhiteElo "1494"]
[BlackElo "1921"]
[PlyCount "114"]
[EventDate "2008.09.05"]
[EventType "swiss"]
[EventRounds "6"]
[EventCountry "ITA"]
[SourceTitle "EXT 2011"]
[Source "ChessBase"]
[SourceDate "2010.11.26"]
[SourceVersion "1"]
[SourceVersionDate "2010.11.26"]
[SourceQuality "1"]

1. e4 d5 2. exd5 Nf6 3. Bb5+ Bd7 4. Bc4 b5 5. Bb3 Bg4 6. f3 Bc8 7. Qe2 Ba6 8. d6 Qxd6 9. Nh3 e6 10. d3 Be7 11. Bf4 Qb6 12. Nc3 c5 13. 0-0-0 Nc6 14. Be3 Na5 15. Rhe1 Nxb3+ 16. axb3 Rd8 17. b4 0-0 18. Ne4 Nxe4 19. fxe4 Qc7 20. bxc5 Bxc5 21. Bxc5 Qxc5 22. e5 b4 23. b3 Qc3 24. Kb1 Rd5 25. Qd2 Ra5 26. Qxc3 bxc3 27. Nf2 Bb7 28. g3 Bf3 29. Rc1 Rc8 30. Re3 Rc6 31. Ne4 Bxe4 32. Rxe4 Rca6 33. Ra4 Rxa4 34. bxa4 Rxa4 35. Rd1 Kf8 36. d4 Rb4+ 37. Kc1 a5 38. d5 exd5 39. Rxd5 Re4 40. Kb1 Rb4+ 41. Kc1 Re4 42. Kb1 Re1+ 43. Ka2 Re2 44. Kb3 Rxh2 45. Kxc3 Rh3 46. Rd3 Ke7 47. Kd4 Rh2 48. c4 Ra2 49. c5 a4 50. c6 Rb2 51. Kc3 Rb3+ 52. Kc4 Rxd3 53. Kxd3 Kd8 54. Kc4 Kc7 55. Kd5 a3 56. e6 fxe6+ 57. Kxe6 a2 0-1